Statistics for Largest Countries with No Borders

Click here to take the quiz!

General Stats

  • This quiz has been taken 54,282 times
    (21,385 since last reset)
  • The average score is 8 of 10

Answer Stats

km2 Country % Correct
7,692,024Australia
99%
270,467New Zealand
93%
587,041Madagascar
92%
377,930Japan
91%
103,000Iceland
83%
109,884Cuba
83%
300,000Philippines
79%
65,610Sri Lanka
77%
36,193Taiwan
64%
28,896Solomon Islands
30%

Score Distribution

Percentile by Number Answered

Percent of People with Each Score

Your Score History

You have not taken this quiz since the last reset